Съчинения (Запис номер 165450)
[ съкратено ]
| 000 -Лидер | |
|---|---|
| Контролно поле с фиксирана дължина | 01892nam a2200385 a 4500 |
| 003 - Код на организацията, давaща контролен номер | |
| Контролно поле | BLK |
| 005 - Дата и час на последна редакция | |
| Контролно поле | 20241017105412.0 |
| 008 - Елементи от данни с фиксирана дължина | |
| fixed length control field | 180410b bul|||||r ||||||| ||bul|| |
| 010 ## - Наследен системен номер | |
| LC control number | KNG00173060000 |
| 040 ## - Източник на каталожния запис | |
| Идентификатор на билиотеката - собственик на записа | BLK |
| 041 ## - Код за език | |
| Код за езика на текст/звукозапис или на отделно заглавие | Български |
| Код за езика КДБФ | Български |
| 080 ## - УДК | |
| Текстов определител УДК | Българска литература |
| УДК код - определител по УДК | 821.163.2 |
| УДК определител | (082) |
| УДК - код + определител | 821.163.2(082) |
| 080 ## - УДК | |
| Текстов определител УДК | Българска литература |
| УДК код - определител по УДК | 821.163.2 |
| УДК определител | -1 |
| УДК - код + определител | 821.163.2-1 |
| 100 ## - Редна дума - Автор | |
| Автор | Дебелянов, Димчо Вельов |
| R(LIN) | 363389 |
| 139 ## - Редно поле | |
| Редна дума | Дебелянов, Димчо Вельов |
| Авторски знак | Деб - Д 31 |
| 245 10 - Сведения за заглавието | |
| Заглавие | Съчинения |
| Подзаглавни данни | В 2. т. |
| Редно поле (дума) | Димчо Вельов Дебелянов; под ред. на Елка Георгиева Константинова; под ред. на Здравко Петров; с предг. от Здравко Петров; * Здравко Петров Желев. |
| Том | Т. 1 |
| Заглавие на том | Стихотворения |
| 257 ## - Страна на издаване | |
| Страна на създаване/издаване | България |
| 260 ## - Област на издателските данни | |
| Име на издателя, разпространителя и проч. | Бълг. писател |
| Година на издаване | 1968 - |
| Място на издаване, разпространение и проч. | София |
| 300 ## - Физическа характеристика | |
| Размери/Мащаб | 20 см |
| 380 ## - Жанр | |
| Жанр | Худож. лит. |
| 500 ## - Общи забележки | |
| Забележка | Пълното име на ред. Здравко Петров е Здравко Петров Желев. |
| 505 ## - Форматирана забележка | |
| Заглавие | Преводи |
| 700 1# - Други автори (авторска отговорност) | |
| Лично име | Константинова, Елка Георгиева |
| 9 (RLIN) | 82108 |
| 700 1# - Други автори (авторска отговорност) | |
| Лично име | Петров, Здравко |
| Автороска отговорност (Описва отношението между автора и произведението) | под ред. на |
| Друга информация | Желев, Здравко Петров |
| 9 (RLIN) | 367839 |
| 700 1# - Други автори (авторска отговорност) | |
| Лично име | Петров, Здравко |
| Автороска отговорност (Описва отношението между автора и произведението) | с предг. от |
| Друга информация | Желев, Здравко Петров |
| 9 (RLIN) | 367839 |
| 700 1# - Други автори (авторска отговорност) | |
| Лично име | Желев, Здравко Петров |
| Автороска отговорност (Описва отношението между автора и произведението) | * |
| 9 (RLIN) | 369485 |
| 760 1# - Описание на основната серия | |
| Редна дума на основното описание | Дебелянов, Димчо Вельов |
| Място на издаване, издател и година | 1968 |
| Страници - том | 356 с., 3 л. портр. |
| Заглавие | Т. 1 Стихотворения |
| 852 ## - Местоположение | |
| Форматна сигнатура | Цб 48001 |
| 856 4# - Електронен адрес и достъп | |
| Електронен формат | pdf - файл |
| 856 4# - Електронен адрес и достъп | |
| Електронен формат | pdf - файл |
| 999 ## - СИСТЕМНИ КОНТРОЛНИ НОМЕРА | |
| Koha biblionumber | 165450 |
| Koha biblioitemnumber | 165450 |
| 942 ## - АРТИКУЛИ | |
| Вид на библиотечния материал | Книги |
| Скрит в OPAC | Не |
| Периодичен библиозапис | Да |
| 944 ## - СЪЗДАВАНЕ И РЕДАКЦИЯ на ЗАПИСА | |
| Създаване/Редакция | Създаване |
| Дата на регистрацията/редакция | 16.03.2015 |
| Служител, извършил регистрацията/редакцията | 30550 |
| Статус, дата на статуса | Кети Илиева |
| 944 ## - СЪЗДАВАНЕ И РЕДАКЦИЯ на ЗАПИСА | |
| Създаване/Редакция | Редакция |
| Дата на регистрацията/редакция | 16.03.2015 |
| Служител, извършил регистрацията/редакцията | Милена_Ачева |
| 999 ## - СИСТЕМНИ КОНТРОЛНИ НОМЕРА | |
| Koha biblioitemnumber | 165450 |
| Код за отписване | Код за изгубен артикул | Източник на класификационната схема | Код за повреда | Коз за рестрикции | Код за отдаване | Артикулен № | Име на библиотеката - собственик | Име на библиотеката, в която се намира в момента | Статус (Текущо местоположение) | Дата на вписване в системата | Местоположение - отдел | Цена в лева | Инвентарен номер | Систематично азбучна сигнатура | Баркод | Номер на екземпляра | Цена в евро | Служебна бележка | Служебен тип на артикула | Бележка за публиката |
|---|---|---|---|---|---|---|---|---|---|---|---|---|---|---|---|---|---|---|---|---|
| Не е изгубен | Universal Decimal Classification | Не е повреден | само за читалня | ползва се в читалня | 278976 | Регионална библиотека "Любен Каравелов" Русе | Регионална библиотека "Любен Каравелов" Русе | Хранилище | 1968-01-01 | Хранилище | 1.94 | 46904 | Цб 48001 | 120000046904 | 1 | 0.99 | Дост: Dp Вид: Д N: стар фонд Дата: 01.01.1968 | Книги | ||
| Изтеглен | Не е изгубен | Не е повреден | без рестрикции | заемане за дома | 278977 | Регионална библиотека "Любен Каравелов" Русе | Регионална библиотека "Любен Каравелов" Русе | 1968-01-01 | Заемна - подръчен фонд | 1.94 | 52379 | П 886.7/Д 31 | 52379 | 2 | 0.99 | Вид: Сф N: стар фонд Дата: 01.01.1968 | Книги | Отч.N: 11/2018 , Дата: 02.02.2018 | ||
| Изтеглен | Не е изгубен | Universal Decimal Classification | Не е повреден | без рестрикции | заемане за дома | 278978 | Регионална библиотека "Любен Каравелов" Русе | Регионална библиотека "Любен Каравелов" Русе | Заемна - подръчен фонд | 1968-01-01 | Заемна - подръчен фонд | 1.94 | 52380 | П 886.7/Д 31 | 52380 | 3 | 0.99 | Вид: Сф N: стар фонд Дата: 01.01.1968 Дата инв: 15.02.2018 Бележки инв: П2018 | Книги | |
| Изтеглен | Не е изгубен | Не е повреден | без рестрикции | заемане за дома | 278979 | Регионална библиотека "Любен Каравелов" Русе | Регионална библиотека "Любен Каравелов" Русе | 1968-01-01 | Заемна - подръчен фонд | 1.94 | 52381 | П 886.7/Д 31 | 52381 | 4 | 0.99 | Вид: Сф N: стар фонд Дата: 01.01.1968 | Книги | Отч.N: 19/2018 , Дата: 22.03.2018 | ||
| Изтеглен | Не е изгубен | Не е повреден | без рестрикции | заемане за дома | 278980 | Регионална библиотека "Любен Каравелов" Русе | Регионална библиотека "Любен Каравелов" Русе | 1968-01-01 | Заемна - подръчен фонд | 1.94 | 52384 | П 886.7/Д 31 | 52384 | 5 | 0.99 | Вид: Сф N: стар фонд Дата: 01.01.1968 | Книги | Отч.N: 19/2018 , Дата: 22.03.2018 | ||
| Изтеглен | Не е изгубен | Не е повреден | без рестрикции | заемане за дома | 278981 | Регионална библиотека "Любен Каравелов" Русе | Регионална библиотека "Любен Каравелов" Русе | 1968-01-01 | Заемна - подръчен фонд | 1.94 | 52385 | П 886.7/Д 31 | 52385 | 6 | 0.99 | Вид: Сф N: стар фонд Дата: 01.01.1968 | Книги | Отч.N: 19/2018 , Дата: 22.03.2018 |